| 000 | | | 08249cbc2a2200000#x 450 |
| 001 | | | 608441740ac740ad841e724a1dac62ff |
| 005 | | | 20180410111448.0 |
| 100 | ## | $a | 20131007l19131913k y0rusy0189 ca |
| 101 | 0# | $a | rus |
| 102 | ## | $a | RU |
| 461 | #0 | $1 | 001eb526daf-bdae-4646-bff8-fbb6e04322ec |
| | $1 | 2001 |
| | $a | Центральный статистический комитет МВД |
| | $1 | 251 |
| | $c | Фонд |
| | $1 | 852 |
| | $j | 1290 |
| 225 | 0# | $a | Фонд Центральный статистический комитет |
| | $h | Опись № 4 |
| 300 | ## | $a | Рукописный текст. Чернила |
| 324 | ## | $a | Микрофиши |
| 801 | #0 | $a | RU |
| | $b | РГИА |
| | $c | 20131007 |
| 801 | #1 | $a | RU |
| | $b | ГлавНИВЦ |
| | $c | 20131007 |
| | $2 | rusmarc |
| 801 | #2 | $a | RU |
| | $b | ПБ им. Б.Н. Ельцина |
| | $c | 20131008 |
| | $g | RCR |
| | $2 | rusmarc |
| 850 | ## | $a | Федеральное казенное учреждение "Российский государственный исторический архив" (РГИА) |
| 852 | ## | $a | РГИА |
| | $j | 626 |
| 937 | ## | $a | ASBIBLIO_SCAN |
| | $b | РГИА_1290:_4:_626: |
| | $d | 1128588 |
| | $h | РГИА |
| 200 | 1# | $a | Ведомости о числе родившихся по Владимирской, Воронежской, Области Войска Донского и Вологодской губерниях за 1913 г. |
| | $j | 1913 |
| 215 | ## | $a | 278 листов |
| 035 | ## | $a | 608441740ac740ad841e724a1dac62ff |
| 122 | 0# | $a | d1913###### |
| 462 | #0 | $1 | 0016c391976-71f3-4ecf-b4eb-e27bc4882cd5 |
| | $1 | 2001 |
| | $a | 1835-1917 гг. |
| | $v | Д. 626 |
| | $1 | 251 |
| | $c | Опись |
| | $1 | 852 |
| | $j | 4 |
| 251 | ## | $c | Дело |
| 606 | 1# | $2 | prlib_sh |
| | $3 | LIBNET\UAF\0000074218 |
| | $a | Население |
| | $j | Документы и материалы |
| | $x | Движение |
| | $y | Владимирская губерния |
| 606 | 1# | $2 | prlib_sh |
| | $3 | LIBNET\UAF\0000074219 |
| | $a | Население |
| | $j | Документы и материалы |
| | $x | Движение |
| | $y | Воронежская губерния |
| 606 | 1# | $2 | prlib_sh |
| | $3 | LIBNET\UAF\0000074220 |
| | $a | Население |
| | $j | Документы и материалы |
| | $x | Движение |
| | $y | Вологодская губерния |
| 606 | 1# | $2 | prlib_sh |
| | $3 | LIBNET\UAF\0000074221 |
| | $a | Население |
| | $j | Документы и материалы |
| | $x | Движение |
| | $y | Войска Донского область |
| 617 | ## | $2 | prlib_sh |
| | $c | Владимирская область |
| 617 | ## | $c | Владимирская губерния |
| | $2 | prlib_sh |
| 617 | ## | $c | Воронежская губерния |
| | $2 | prlib_sh |
| 617 | ## | $c | Воронежская область |
| | $2 | prlib_sh |
| 617 | ## | $c | Вологодская губерния |
| | $2 | prlib_sh |
| 617 | ## | $c | Вологодская область |
| | $2 | prlib_sh |
| 617 | ## | $c | Войска Донского область |
| | $2 | prlib_sh |
| 617 | ## | $c | Ставропольский край |
| | $2 | prlib_sh |
| 686 | ## | $a | 60.73(28-8Вла)5-4ю1 |
| | $v | LBC/M |
| | $2 | rubbk |
| 686 | ## | $a | 60.73(28-8Вор)5-4ю1 |
| | $v | LBC/M |
| | $2 | rubbk |
| 686 | ## | $a | 60.73(28-8Вол)5-4ю1 |
| | $v | LBC/M |
| | $2 | rubbk |
| 686 | ## | $a | 60.73(28-8Обл)5-4ю1 |
| | $v | LBC/M |
| | $2 | rubbk |
| 605 | ## | $2 | acquisition_Prlib |
| | $3 | DITM\AF\0000003834 |
| | $a | Народ |
| | $l | коллекция |
| 605 | ## | $a | Территория |
| | $l | коллекция |
| | $2 | acquisition_Prlib |
| | $3 | DITM\AF\0000004675 |
| 605 | ## | $a | Территория России: Владимирская область |
| | $l | коллекция |
| | $2 | acquisition_Prlib |
| | $3 | LIBNET\UAF\0000046564 |
| 605 | ## | $a | Владимирская область: страницы истории |
| | $l | коллекция |
| | $2 | acquisition_Prlib |
| | $3 | LIBNET\UAF\0000053709 |
| 605 | ## | $a | Территория России: Воронежская область |
| | $l | коллекция |
| | $2 | acquisition_Prlib |
| | $3 | LIBNET\UAF\0000031708 |
| 605 | ## | $a | Территория России: Вологодская область |
| | $l | коллекция |
| | $2 | acquisition_Prlib |
| | $3 | LIBNET\UAF\0000046565 |
| 605 | ## | $a | Территория России: Ставропольский край |
| | $l | коллекция |
| | $2 | acquisition_Prlib |
| | $3 | LIBNET\UAF\0000057839 |